000 00642nam a2200181Ia 4500
008 100920s9999 xx 000 0 und d
082 _b104513
_a28 व 891,43 न 08
100 _aइन्दुरख्या राकेश.
245 _aहमारे मित्र पक्षी.
260 _bदिनेश साहित्य.
_c2008
300 _a16
_bसाधी
365 _b20
520 _aबा.वि.हिंदी.
630 _aहमारे मित्र पक्षी.
650 _aबा.वि.हिंदी.
730 _aहमारे मित्र पक्षी.
942 _cBOOK
999 _c744945
_d744942